Catolicismo intercultural en la diócesis de Chosica : (Registro nro. 21809)

Detalles MARC
000 -Cabecera
Campo de control interno 00885nam a2200229Ia 4500
005 - Fecha y hora del registro
control field 20260408081540.0
008 - Elementos de Longitud Fija
fixed length control field 260320s9999||||xx |||||||||||||| ||und||
020 ## - ISBN
ISBN 9789972834356
041 ## - Idioma
Codigo Idioma ESP
082 ## - DEWEY y NOTACIÓN INTERNA
Dewey 306.6
Notación Interna N78
100 ## - AUTOR
Autor denominación Nomberto Bazán, Víctor Raúl,
Término de relación autor
245 #0 - TÍTULO DE MATERIAL BIBLIOGRÁFICO
Título Catolicismo intercultural en la diócesis de Chosica :
Título paralelo antropología de la religión
250 ## - EDICIÓN
Edición Primera edición
260 ## - CIUDAD, EDITORIAL, AÑO
Ciudad Lima :
Nombre de la Editorial Universidad Nacional Mayor de San Marcos. Fondo Editorial,
Año 2013
300 ## - DESCRIPCIÓN
N° Páginas 99 páginas :
Otros detalles fotografías, cuadros, mapas ;
Dimensiones 30 cm.
650 ## - TEMAS
Temas Ciencias Sociales
653 ## - DESCRIPTORES
Lenguajes no controlado Antropología de la religión - Perú; Cristianismo y cultura - Perú; Iglesia Católica - Diócesis de Chosica - Perú
654 ## - PROGRAMAS
Programa Dpto. de Humanidades
856 ## - URL - UBICACIÓN
URI/URL: Enlace exacto del recurso <a href="https://www-jstor-org.ucsp.lookproxy.com/">https://www-jstor-org.ucsp.lookproxy.com/</a>
Nota pública: Versión digital <a href="Véase además: Base de datos JSTOR">Véase además: Base de datos JSTOR</a>
942 ## - ELEMENTOS DE KOHA
Tipo de documento Libro
Nombre del creador Justo Noguera
Código de catalogador Margarita Torres
Esquema de clasificación Dewey Decimal Classification
Existencias
Codigo completo Registro Colección Copia número Disponibilidad Tipo de préstamo Biblioteca Actual Procedencia (Biblioteca) Ubicacón Fecha Ingreso Tipo de Adquisición Date last seen Total checkouts Price effective from Tipo de Item Estado del Material Fuente de Clasificación Damaged status Withdrawn status
306.6 N78 1085369 Universidad Católica San Pablo 1 Disponible Disponible Víctor Andrés Belaunde Víctor Andrés Belaunde Planta baja abierta 08/04/2026 Donación 08/04/2026   08/04/2026 Libro Bueno Dewey Decimal Classification